One Piece- Les différentes formes de Luffy - Statistiques

Statistiques générales
  • Ce quiz a été pris 213 fois
  • Le résultat moyen est 7 sur 9
Statistiques - réponses
Par images Réponse % Correct
Luffy Gear 2
98%
Luffy Gear 5
96%
Luffy Gear 3
94%
Lucy
81%
Luffy Gear 4 Snakeman
77%
Luffy Gear 4 Boundman
71%
Afro Luffy
70%
Nightmare Luffy
61%
Luffy Gear 4 Tankman
53%
Aucun quiz correspondant
Distribution des résultats
% des personnes avec chaque résultat
Percentile par nombre de réponses
Votre historique - résultats
Vous n’avez pas pris ce quiz